000 00584nam a2200181Ia 4500
003 GCL
008 140319s9999 xx 000 0 ara d
040 _aGCL /
_cGCL
082 0 4 _aط
_b371.32
_bد ك
100 1 _aدار الهدى للطباعة والنشر
245 1 0 _aكراس الحروف ا - ب /
_cدار الهدى للطباعة والنشر
490 _aالهيئة العامة للاستعلامات
_v0
650 0 4 _aالتعليم
650 0 4 _aتعليم الاطفال
650 0 4 _aالقراءة
650 0 4 _aالقراءة والكتب
942 _2ddc
_cBK
999 _c50954
_d50954